| 000 | 00837nam a2200229 a 4500 | ||
|---|---|---|---|
| 003 | AM-YeHGA | ||
| 040 | _aAM-YeHGA | ||
| 090 | _c141930 | ||
| 001 | 000367602 | ||
| 005 | 20250822114340.0 | ||
| 008 | 041008s1887 gau 000 | arm d | ||
| 041 | 0 | _aarm | |
| 100 | 1 | _aԱրամեանց, Միսաք | |
| 245 | 1 | 0 |
_aՍալիանից Էջմիածին : _bՆկարագիր ուխտաւոր ուղեւորութեան / _cՄ. Արամեանց. |
| 260 |
_aԹիֆլիս : _bտպ. Մ. Ռօտինեանցի, _c1887. |
||
| 300 |
_a167 էջ ; _c20 սմ. |
||
| 500 | _aՓոփոխութ. արտատպ. «Նոր-Դար» ամենօրեայ լրագրից | ||
| 650 | 1 | 4 |
_aՃանապարհորդություն _zՀայաստան |
| 650 | 1 | 4 |
_aՀայաստանի քաղաքներ _95294 |
| 651 | 4 |
_aԷջմիածին _95295 |
|
| 942 |
_2udc _cBK _02 |
||
| 999 |
_c140552 _d140552 |
||